Geological Survey research 1966.

Bibliographic Details
Corporate Author: Geological Survey (U.S.)
Format: Government Document Book
Language:English
Published: Washington : U.S. G.P.O. : 1966.
Series:Geological Survey professional paper ; 550-A-D.
Subjects:

MARC

Tag First Indicator Second Indicator Subfields
LEADER 00000cam a2200000Ia 4500
001 in00002784701
005 20151202171717.0
008 040503s1966 dcuab b f001 0 eng d
035 |a (OCoLC)ocm55064739 
035 |a (OCoLC)55064739 
040 |a HTM  |c HTM  |d OCLCQ  |d UtOrBLW 
043 |a n-us--- 
049 |a TXAM 
050 0 0 |a QE75  |b .P9 no.550A-D 
086 0 |a I 19.16:550-A-D 
245 0 0 |a Geological Survey research 1966. 
264 1 |a Washington :  |b U.S. G.P.O. :  |c 1966. 
264 2 |a Washington :  |b For sale by the Supt. of Docs., U.S. G.P.O., 
300 |a 4 volumes :  |b illustrations, maps ;  |c 29 cm. 
336 |a text  |b txt  |2 rdacontent 
337 |a unmediated  |b n  |2 rdamedia 
338 |a volume  |b nc  |2 rdacarrier 
490 1 |a Geological Survey professional paper ;  |v 550-A-D 
500 |a William T. Pecora, director. 
500 |a "A summary of recent scientific and economic results, accompanied by a list of publications released in fiscal 1966, a list of geologic and hydrologic investigations in progress, and a report on the status of topographic mapping"--Title page Chapter A. 
500 |a "Scientific notes and summaries of investigations by members of the Conservation, Geologic, Topographic, and Water Resources Divisions in geology, hydrology, and related fields"--Title page chapter B. 
500 |a "Scientific notes and summaries of investigations by members of the Geologic, Topographic, and Water Resources Divisions in geology, hydrology, and related fields"--Title page chapter C. 
500 |a "Scientific notes and summaries of investigations in geology, hydrology, and related fields"--Title page chapter D. 
504 |a Includes "Publications in fiscal year 1966" (chapter A) and indexes (chapters A-D). 
650 0 |a Geology  |x Research  |z United States. 
650 0 |a Hydrology  |x Research  |z United States. 
710 2 |a Geological Survey (U.S.) 
830 0 |a Geological Survey professional paper ;  |v 550-A-D. 
948 |a cataloged  |b h  |c 2012/12/7  |d c  |e mvaldespin  |f 02:14:47 pm 
994 |a C0  |b TXA 
999 |a MARS 
999 f f |s bb9890cb-997f-3d0c-a78e-85f14b2f9b5d  |i 19ba1d1d-e3ff-3641-b1bf-62771973d001  |t 0 
952 f f |p normal  |a Texas A&M University  |b College Station  |c Sterling C. Evans Library  |d Evans: US Documents (Annex 5th floor)  |t 0  |e I 19.16:550-A-D  |h Superintendent of Documents classification  |i unmediated -- volume  |m A14839368466 
998 f f |a I 19.16:550-A-D  |t 0  |l Evans: US Documents (Annex 5th floor)